000 01249nam a2200385 a 4500
001 000014723
003 DO-SdBNP
005 20170120130915.0
007 000014723
008 100119s2006 dr b 000 f spa d
020 _a9993475149
040 _aBPMSU
_bspa
_cBPMSU
082 0 4 _aRD863.44
_bV443d, 2006
100 1 _aVeloz Maggiolo, Marcio,
_d1936-
245 1 0 _aDe donde vino la gente /
_cMarcio Veloz Maggiolo ; editor Miguel Collado.
250 _a3a ed.
260 _aSanto Domingo :
_bCEDIBIL,
_c2006.
300 _a93 :
_bil. ;
_c21 cm.
490 1 _aCalímaco
_v21
490 1 _aLiteratura infantil
_v1
500 _aIncluye glosario
500 _aIncluye datos biográficos del autor en la solapa de la cubierta
650 4 _aNOVELA INFANTIL DOMINICANA
650 4 _aLITERATURA INFANTIL DOMINICANA
700 1 _aCollado, Miguel,
_eed.
830 0 _aCalímaco
_n21
830 0 _aLiteratura infantil
_n1
910 _aValidado. Control de calidad BNPHU
930 1 _lBND01
_mLF1
_820100119
_f04
_pHD
_g9325
_he. 3
942 _2ddc
_cBK
956 _aAVARGAS
_b10
_c20100119
_lBND01
_h1538
956 _aBTAVAREZ
_b10
_c20110210
_lBND01
_h1020
956 _aVMATEO
_b10
_c20150910
_lBND01
_h00151
956 _aControl de calidad MFF
999 _c7607
_d7607